000 00377nam a22001337a 4500
020 _a047111216-x
040 _cNust
082 _a537.6226
_bPER
100 _aSankar Das Sarna
_9127452
245 _aPerspectives in quantum Hall effects
260 _aNew York:
_bJohn Willey and sons Inc,
_c1997.
650 _aPerspectives in quantum Hall effects
_9127453
942 _2ddc
_cBK
999 _c612575
_d612575